Famous Logos in Arabic Quiz Stats

 Plays Quiz Updated Sep 21, 2018

Also try: Corporate Logos
Challenge
Share
Tweet
Score 0/20 Timer 06:00
2 Plays Today
Logo Company % Correct
87-Up
98.6%
11Pringles
94.8%
1Coca-Cola Zero
91.4%
17Mountain Dew
90.5%
18Sprite
87.8%
19Subway
86.9%
9Gatorade
84.5%
6Froot Loops
82.9%
5Fanta
75.5%
16Tide
75.4%
Logo Company % Correct
3Lipton
71.6%
7Hardee's
55.9%
2Dunkin' Donuts
53.1%
20Papa John's
52.5%
4Aquafina
52.2%
22Krispy Kreme
48.8%
12Schweppes
45.3%
10Ritz Crackers
41.3%
14Kraft
41.2%
13Kit Kat
19%

You're not logged in!

Compare scores with friends on all Sporcle quizzes.
OR
Log In

You Might Also Like...

Show Comments

Extras

Top Quizzes Today


Score Distribution

Your Account Isn't Verified!

In order to create a playlist on Sporcle, you need to verify the email address you used during registration. Go to your Sporcle Settings to finish the process.

Report this User

Report this user for behavior that violates our Community Guidelines.

Details: